000 00544nam a2200193Ia 4500
005 20250508152654.0
008 008 250505s9999 xx 000 0 hin d
037 _aTextual
040 _aFEDL
_beng
_cFEDL
041 _ahin
_2hin
084 _a100, RAD
_qFEDL
100 _aRadhakrishanan Sarvpali
_9762108
245 0 _aSatya ki khoj mein
260 _aAgra, India
_bShivalal Agarwala and Company Private Limited
_c1951
300 _a55p.
650 _aPhilosophy
942 _cTEXL
_h100, RAD
999 _c1337948
_d1337948